01253nam a2200229 a 450000100100000000500170001000800410002704000250006808200150009310000400010824501180014824600460026626000400031230000340035250000770038670000550046395201130051895201190063195201280075095201280087899900170100600004580120201002052442.0150514s1999 dr ab 000 0 spa d aDO-SdBNPbspacBNPHU axxxxbxxxx1 aMonclús C., Juan Francisco91946514aLas 200 palabras claves de la justicia /cJuan Francisco Monclus C. ; prólogo Barón Segundo Sánchez Añil.14aDoscientos palabras claves de la justicia aSanto Domingo :bCentenario,c1999. a68 p. :bil., mapas ;c21 cm. aIncluye datos biográficos del autor en la solapa de la contracubierta.12aSánchez Añil, Barón Segundo,epról.973879 0010718PDaGRbGRcHDd2015-05-14iLF1l0oxxxx xxxxp45801-10r2020-06-25w2020-06-25yLFPDZNo se presta 0010718PDaGRbGRcHDd2015-05-14iLF1l0oxxxx xxxxp45801-20r2020-06-25te. 2w2020-06-25yLFPDZNo se presta 001054708DSaGRbGRcHDd2015-05-14iLF1l0oxxxx xxxxp45801-30r2020-06-25te. 3w2020-06-25yLFDSZPréstamo en sala 001054708DSaGRbGRcHDd2015-06-17iLF1l0oxxxx xxxxp45801-40r2020-06-25te. 4w2020-06-25yLFDSZPréstamo en sala c45290d45290